• 首页
  • 本馆介绍
  • 公告通知
  • 最新文献
  • 馆藏检索
  • 电子资源
  • 读者导购
  • 参考咨询
  • 我的图书馆
  • 登录
  • 详细信息显示
  • 放入我的书架
  • 预约/预借图书
  • 作者相关作品
  • 分类相关作品
  • 丛书相关作品
  • 出版社相关作品

书目信息

  • 表格格式
  • 工作单格式
  • 卡片格式
题名:
全新大学英语四级考试教程
    
 
作者: 吕军录 主编
分册:  
出版信息: 北京   外语教学与研究出版社  2015.08
页数: 274页
开本: 26cm
丛书名:
单 册:
中图分类: H310.421 , H310.42
科图分类:
主题词: 英语--高等学校--教材
电子资源:
ISBN: 978-7-5135-6556-1
000 00840nam0 2200229 450
001 4864
005 20181013141854.39
010    @a978-7-5135-6556-1@dCNY45.90
100    @a20150920d2015 em y0chiy50 ea
101 0  @achi@aeng
102    @aCN@b110000
105    @aa z 000yy
200 1  @a全新大学英语四级考试教程@9quan xin da xue ying yu si ji kao shi jiao cheng@f吕军录主编
210    @a北京@c外语教学与研究出版社@d2015.08
215    @a274页@c图@d26cm
330    @a本书根据最新的大学英语四级考试要求编写,对大学英语四级考试的写作、听力、阅读理解和翻译四部分进行了精讲精练,书后还配有两套全真试题,并附有大学英语四级考试必备词汇表。
606 0  @a英语@x高等学校@j教材
690    @aH310.421@v5
690    @aH310.42@v4
701  0 @a吕军录@9lü jun lu@f(1968-)@4主编
801  0 @aCN@b91MARC@c20150920
905    @aMuseLib@dH310.42@e1697
    
    全新大学英语四级考试教程/吕军录主编.-北京:外语教学与研究出版社,2015.08
    274页:图;26cm
    
    
    ISBN 978-7-5135-6556-1:CNY45.90
    本书根据最新的大学英语四级考试要求编写,对大学英语四级考试的写作、听力、阅读理解和翻译四部分进行了精讲精练,书后还配有两套全真试题,并附有大学英语四级考试必备词汇表。
●
相关链接 在E读中查询图书 在五车中查询图书 在当当中查询图书 在豆瓣中查询图书


正题名:全新大学英语四级考试教程     索取号:H310.42/1697         预约/预借

序号 登录号 条形码 馆藏地/架位号 状态 备注
1 1126972   211269722   第二样本阅览室/ [索取号:H310.42/1697] 在馆    
2 1126973   211269731   密集书库—外国语学院/ [索取号:H310.42/1697] 在馆    
3 1126974   211269740   第四借阅区/ [索取号:H310.42/1697] 在馆    
4 1126975   211269759   第四借阅区/ [索取号:H310.42/1697] 在馆    
5 1126976   211269768   第四借阅区/ [索取号:H310.42/1697] 在馆    
唐山师范学院图书馆 欢迎您!
大连网信软件有限公司© 版权所有